| 000 | 00979nam a2200277 i 4500 | ||
|---|---|---|---|
| 001 | 12653 | ||
| 003 | ES-MaACL | ||
| 005 | 20250824222442.0 | ||
| 007 | t| | ||
| 008 | 921002s1989 sp |||| | spa d | ||
| 020 | _a84-7517-265-2 | ||
| 080 | _a860-32"19" | ||
| 100 | 0 |
_aAlegre Cudós, José Luis, _d1951-2022 _919668 |
|
| 245 | 1 | 0 |
_aTiempos estos _b= Quelle époque! = In these times : (un mundo para un solo personaje) / _cJosé Luis Alegre Cudós ; versión francesa de Rosine Gars ; versión inglesa de William Bryant Logan. |
| 246 | 3 | 1 | _aQuelle époque! |
| 246 | 3 | 1 | _aIn these times |
| 260 |
_aMadrid : _bHiperión, _cD.L. 1989. |
||
| 300 |
_a154 p. ; _c20 cm. |
||
| 490 | 1 |
_aLibros Hiperión ; _v118 |
|
| 500 | _aTexto multilingüe: español, francés e inglés. | ||
| 700 | 1 |
_aGars, Rosine. _955791 |
|
| 700 | 1 |
_aLogan, William Bryant. _973122 |
|
| 830 | 0 | 0 |
_aLibros Hiperión _v118 _9178016 |
| 852 |
_aES-MaACL _jL-20120 |
||
| 999 |
_c12653 _d12653 |
||